[Event "POL-Cup blind"]
[White "Spionkowski, Fabian"]
[Black "Stankiewicz, Edward"]
[Site "Dzwirzyno"]
[Round "3"]
[Result "1-0"]
[Date "2019.09.03"]
[WhiteElo "1289"]
[BlackElo "1824"]
[PlyCount "119"]
[EventDate "2019.09.02"]
[EventType "swiss"]
[EventRounds "9"]
[EventCountry "POL"]
[SourceTitle "EXT 2020"]
[Source "ChessBase"]
[SourceDate "2019.10.17"]
[SourceVersion "1"]
[SourceVersionDate "2019.10.17"]
[SourceQuality "1"]

1. e4 c5 2. Nf3 Nc6 3. d4 cxd4 4. Nxd4 Nf6 5. Nc3 d6 6. Bc4 g6 7. Bg5 Bg7 8. Nf3 0-0 9. 0-0 a6 10. Qd2 Bg4 11. Nh4 Rc8 12. h3 Bd7 13. Bh6 e6 14. Bxg7 Kxg7 15. Nf3 Ne8 16. Rfd1 Na5 17. Qd4+ f6 18. Bb3 Nxb3 19. axb3 Bc6 20. Ng5 Qe7 21. Nf3 Rd8 22. e5 Bxf3 23. exf6+ Qxf6 24. Qxf6+ Rxf6 25. gxf3 Rxf3 26. Kg2 Rf7 27. Re1 Re7 28. Nd5 Rf7 29. Rxe6 Nc7 30. Nxc7 Rxc7 31. c4 d5 32. Rd1 d4 33. Re4 Rcd7 34. Kf3 Kf6 35. Rf4+ Kg7 36. Re4 g5 37. h4 h6 38. hxg5 hxg5 39. Kg4 Kf6 40. Rd3 Rh8 41. Kg3 Rhd8 42. Kg4 Rd6 43. Rf3+ Kg6 44. Re5 Rf6 45. Rxg5+ Kf7 46. Rd3 Rxf2 47. Rf5+ Rxf5 48. Kxf5 Ke7 49. Ke5 Ke8 50. Rxd4 Rxd4 51. Kxd4 Kd7 52. Kc5 Kc7 53. b4 b6+ 54. Kd5 Kd7 55. c5 Kc7 56. c6 a5 57. bxa5 bxa5 58. b3 Kc8 59. Kc5 Kb8 60. Kb6 1-0

[Event "POL-ch blind"]
[White "Stankiewicz, Edward"]
[Black "Raczek, Stanislaw"]
[Site "Ustron"]
[Round "7"]
[Result "1-0"]
[Date "2019.03.16"]
[WhiteElo "1826"]
[BlackElo "1569"]
[PlyCount "60"]
[EventDate "2019.03.11"]
[EventType "swiss"]
[EventRounds "9"]
[EventCountry "POL"]
[SourceTitle "EXT 2020"]
[Source "ChessBase"]
[SourceDate "2019.10.17"]
[SourceVersion "1"]
[SourceVersionDate "2019.10.17"]
[SourceQuality "1"]

1. e4 d6 2. d4 Nf6 3. Nc3 g6 4. Nf3 Bg4 5. h3 Bxf3 6. Qxf3 e5 7. d5 Bg7 8. Bg5 a6 9. Bd3 Nbd7 10. 0-0 0-0 11. b4 h6 12. Be3 Nh7 13. Rab1 b5 14. a4 bxa4 15. Nxa4 Ng5 16. Qe2 Nh7 17. Bxa6 f5 18. Bb5 f4 19. Bd2 Ng5 20. f3 h5 21. c4 Nf6 22. Bc6 Rb8 23. c5 Qc8 24. cxd6 cxd6 25. b5 Kh7 26. b6 Nxh3+ 27. gxh3 Qxh3 28. Qg2 Qg3 29. Be1 Qxg2+ 30. Kxg2 g5 1-0

[Event "POL-chT blind"]
[White "Stankiewicz, Edward"]
[Black "Staruch, Roman"]
[Site "Wagrowiec"]
[Round "9.6"]
[Result "0-1"]
[Date "2016.11.19"]
[WhiteElo "1825"]
[BlackElo "1905"]
[PlyCount "67"]
[EventDate "2016.11.11"]
[EventType "team-tourn"]
[EventRounds "9"]
[EventCountry "POL"]
[SourceTitle "EXT 2019"]
[Source "ChessBase"]
[SourceDate "2018.10.10"]
[SourceVersion "1"]
[SourceVersionDate "2018.10.10"]
[SourceQuality "1"]

1. d4 Nf6 2. c4 e5 3. d5 Bc5 4. Nc3 d6 5. e3 c6 6. Be2 0-0 7. Nf3 Bf5 8. Nh4 Bd7 9. Nf3 Qc7 10. Nd2 Na6 11. a3 Rac8 12. g4 Qd8 13. g5 Ne8 14. h4 f5 15. gxf6 Nxf6 16. Nde4 Bf5 17. Ng3 Qd7 18. e4 Bg4 19. Be3 Bxe3 20. fxe3 Bxe2 21. Qxe2 Ng4 22. Nf5 h5 23. Rg1 Kh7 24. 0-0-0 g6 25. Rxg4 hxg4 26. Qxg4 Kh8 27. Qxg6 Qh7 28. h5 Qxg6 29. hxg6 Rf6 30. Rg1 Rc7 31. Ne2 Nc5 32. Neg3 Nd7 33. Nh5 Rxf5 34. exf5 0-1

[Event "POL-chT blind"]
[White "Krynicki, Henryk"]
[Black "Stankiewicz, Edward"]
[Site "Wagrowiec"]
[Round "7.2"]
[Result "1/2-1/2"]
[Date "2016.11.17"]
[WhiteElo "1749"]
[BlackElo "1825"]
[PlyCount "53"]
[EventDate "2016.11.11"]
[EventType "team-tourn"]
[EventRounds "9"]
[EventCountry "POL"]
[SourceTitle "EXT 2019"]
[Source "ChessBase"]
[SourceDate "2018.10.10"]
[SourceVersion "1"]
[SourceVersionDate "2018.10.10"]
[SourceQuality "1"]

1. e4 d6 2. d4 Nf6 3. Nc3 g6 4. f3 Bg7 5. Be3 Nfd7 6. Qd2 h5 7. 0-0-0 e5 8. Nge2 Nc6 9. d5 Ne7 10. g4 hxg4 11. fxg4 Nf6 12. g5 Nh5 13. Bg2 Ng8 14. Rdf1 a6 15. Qd1 Qe7 16. Ng3 f5 17. gxf6 Nhxf6 18. Bg5 Bd7 19. h4 Bh6 20. Bxh6 Rxh6 21. Bh3 Qg7 22. Rfg1 Qh7 23. Nge2 Bxh3 24. Rxh3 Rh5 25. Rh2 Qf7 26. Rf2 Qh7 27. Qf1 1/2-1/2

[Event "POL-chT blind"]
[White "Przewoznik, Emil"]
[Black "Stankiewicz, Edward"]
[Site "Wagrowiec"]
[Round "5.6"]
[Result "0-1"]
[Date "2016.11.15"]
[WhiteElo "1808"]
[BlackElo "1825"]
[PlyCount "136"]
[EventDate "2016.11.11"]
[EventType "team-tourn"]
[EventRounds "9"]
[EventCountry "POL"]
[SourceTitle "EXT 2019"]
[Source "ChessBase"]
[SourceDate "2018.10.10"]
[SourceVersion "1"]
[SourceVersionDate "2018.10.10"]
[SourceQuality "1"]

1. d4 Nf6 2. Nf3 d5 3. c4 c6 4. Nc3 g6 5. cxd5 Nxd5 6. e4 Nxc3 7. bxc3 Bg7 8. Bc4 0-0 9. Bf4 c5 10. Be5 Qa5 11. Qd2 cxd4 12. Bxg7 Kxg7 13. Qxd4+ Kg8 14. Qe3 Nd7 15. 0-0 Ne5 16. Nxe5 Qxe5 17. f4 Qg7 18. f5 Bd7 19. Rf3 Rac8 20. Bb3 Qe5 21. fxg6 hxg6 22. Raf1 e6 23. Kh1 Rc5 24. Rh3 b6 25. Qh6 Qg7 26. Qe3 Qe5 27. Rff3 Qg5 28. Qe1 Bc6 29. Rh4 Qe5 30. Qe3 Qg5 31. Qxg5 Rxg5 32. Rfh3 Kg7 33. Rd3 Rh8 34. Rxh8 Kxh8 35. Rd8+ Kg7 36. Bc2 Rc5 37. h3 Rxc3 38. Rd2 Re3 39. Rd4 Re2 40. Rc4 Bb7 41. Kg1 Ba6 42. Rc7 Bb5 43. a4 Be8 44. Kf1 Rd2 45. Bb3 Rd4 46. e5 Rf4+ 47. Kg1 Re4 48. Bxe6 Rxe5 49. Bb3 a5 50. Rb7 b5 51. axb5 Rxb5 52. Rxb5 Bxb5 53. Kf2 a4 54. Ba2 Bd7 55. g4 Be6 56. Bb1 a3 57. Kg2 a2 58. Bxa2 Bxa2 59. g5 f6 60. gxf6+ Kxf6 61. h4 Be6 62. Kf2 Bf5 63. Kf3 Ke5 64. Ke3 Bg4 65. Kf2 Kf4 66. Kg2 Bh5 67. Kh3 Kf3 68. Kh2 Kg4 0-1

[Event "POL-chT blind"]
[White "Dziobek, Jerzy"]
[Black "Stankiewicz, Edward"]
[Site "Wagrowiec"]
[Round "3.10"]
[Result "1/2-1/2"]
[Date "2016.11.13"]
[WhiteElo "1750"]
[BlackElo "1825"]
[PlyCount "38"]
[EventDate "2016.11.11"]
[EventType "team-tourn"]
[EventRounds "9"]
[EventCountry "POL"]
[SourceTitle "EXT 2019"]
[Source "ChessBase"]
[SourceDate "2018.10.10"]
[SourceVersion "1"]
[SourceVersionDate "2018.10.10"]
[SourceQuality "1"]

1. d4 Nf6 2. Nf3 d5 3. Nbd2 g6 4. e3 Bg7 5. Bd3 0-0 6. 0-0 Nbd7 7. Re1 Re8 8. c3 e5 9. e4 exd4 10. Nxd4 dxe4 11. Nxe4 Nxe4 12. Rxe4 Rxe4 13. Bxe4 Nf6 14. Bg5 h6 15. Bxf6 Bxf6 16. Nf3 c6 17. h3 Be6 18. Qe2 Kg7 19. Rd1 Qe7 1/2-1/2

[Event "Bydgoszcz blind op 43rd"]
[White "Falkowski, Dawid"]
[Black "Stankiewicz, Edward"]
[Site "Bydgoszcz"]
[Round "2.8"]
[Result "1-0"]
[Date "2014.03.15"]
[WhiteElo "2030"]
[BlackElo "1876"]
[PlyCount "25"]
[EventDate "2014.03.13"]
[EventType "swiss"]
[EventRounds "11"]
[EventCountry "POL"]
[SourceTitle "EXT 2023"]
[Source "ChessBase"]
[SourceDate "2022.10.05"]
[SourceVersion "1"]
[SourceVersionDate "2022.10.05"]
[SourceQuality "1"]

1. e4 c5 2. Nf3 Nc6 3. d4 cxd4 4. Nxd4 Nf6 5. Nc3 e5 6. Nf3 a6 7. Bc4 Be7 8. Bg5 d6 9. Bxf6 gxf6 10. Qd2 Be6 11. Nd5 Bf8 12. Nh4 Ne7 13. Nxf6# 1-0

[Event "Bydgoszcz blind op 43rd"]
[White "Stankiewicz, Edward"]
[Black "Stolarczyk, Anna"]
[Site "Bydgoszcz"]
[Round "3.7"]
[Result "0-1"]
[Date "2014.03.15"]
[WhiteElo "1876"]
[BlackElo "2003"]
[PlyCount "66"]
[EventDate "2014.03.13"]
[EventType "swiss"]
[EventRounds "11"]
[EventCountry "POL"]
[SourceTitle "EXT 2023"]
[Source "ChessBase"]
[SourceDate "2022.10.05"]
[SourceVersion "1"]
[SourceVersionDate "2022.10.05"]
[SourceQuality "1"]

1. Nf3 d5 2. d4 c6 3. e3 Nf6 4. c4 e6 5. Nc3 Be7 6. Bd3 dxc4 7. Bxc4 b5 8. Bd3 a6 9. a4 Bb7 10. 0-0 b4 11. Ne4 Nbd7 12. Qe2 c5 13. Nxf6+ Bxf6 14. Rd1 Qe7 15. Bd2 cxd4 16. exd4 0-0 17. Be3 Nb6 18. Bf4 Nd5 19. Be5 Rfd8 20. Rac1 Bxe5 21. Qxe5 Rac8 22. Qg3 Qf6 23. Qe5 Qxe5 24. dxe5 Nf4 25. Rxc8 Rxc8 26. Bc4 Kf8 27. b3 Ke7 28. Ne1 Rc5 29. Nd3 Nxd3 30. Bxd3 Rxe5 31. Bxh7 g6 32. g4 Bf3 33. h3 Bxd1 0-1

[Event "Krynica Cross-ch sf"]
[White "Staruch, Roman"]
[Black "Stankiewicz, Edward"]
[Site "Krynica"]
[Round "6"]
[Result "1-0"]
[Date "2012.03.??"]
[WhiteElo "1937"]
[BlackElo "1887"]
[PlyCount "83"]
[EventDate "2012.03.??"]
[EventType "swiss"]
[EventRounds "9"]
[EventCountry "POL"]
[SourceTitle "EXT 2014"]
[Source "ChessBase"]
[SourceDate "2013.11.20"]
[SourceVersion "1"]
[SourceVersionDate "2013.11.20"]
[SourceQuality "1"]

1. e4 c5 2. Nf3 Nc6 3. c3 d5 4. e5 Bf5 5. Be2 e6 6. 0-0 Bg6 7. d4 cxd4 8. cxd4 Nge7 9. Nc3 Nf5 10. Qa4 Be7 11. Rd1 0-0 12. Bf4 a6 13. Rd2 Qd7 14. a3 b5 15. Qd1 Rfc8 16. g4 Nh4 17. Nxh4 Bxh4 18. Bd3 Na5 19. Bxg6 hxg6 20. Rd3 Be7 21. g5 Kf8 22. h4 Ke8 23. h5 gxh5 24. Qxh5 g6 25. Qh8+ Bf8 26. Kg2 Qe7 27. Rh1 Kd7 28. Rh7 Kc6 29. Rf3 Ra7 30. Ne2 Kb6 31. Bd2 Nc6 32. Qg8 Nd8 33. Rf6 Qe8 34. Nf4 a5 35. Nxg6 fxg6 36. Rxf8 Qxf8 37. Qxf8 Rxh7 38. Qd6+ Nc6 39. Qxe6 Rcc7 40. Qxd5 Rcd7 41. Qc5+ Kb7 42. Qxb5+ 1-0

[Event "POL-ch sf blind"]
[White "Bzowski, Grzegorz"]
[Black "Stankiewicz, Edward"]
[Site "Zawoja Osrodek"]
[Round "9"]
[Result "1-0"]
[Date "2011.??.??"]
[WhiteElo "1703"]
[BlackElo "1931"]
[PlyCount "31"]
[EventDate "2011.??.??"]
[EventType "swiss"]
[EventRounds "9"]
[EventCountry "POL"]
[SourceTitle "EXT 2013"]
[Source "ChessBase"]
[SourceDate "2012.11.22"]
[SourceVersion "1"]
[SourceVersionDate "2012.11.22"]
[SourceQuality "1"]

1. g3 g6 2. Bg2 Bg7 3. Nf3 Nf6 4. 0-0 0-0 5. d3 c5 6. c4 Nc6 7. Nc3 h6 8. Be3 d6 9. Qd2 Kh7 10. Rad1 Ng4 11. d4 Nxe3 12. fxe3 cxd4 13. exd4 Qa5 14. a3 Qh5 15. Nd5 Bh3 16. Nf4 1-0

[Event "Ramsowo Grunwald Cup 25th"]
[White "Stankiewicz, Edward"]
[Black "Falkowski, Dawid"]
[Site "Ramsowo"]
[Round "7"]
[Result "0-1"]
[Date "2010.09.28"]
[WhiteElo "1913"]
[BlackElo "2050"]
[PlyCount "43"]
[EventDate "2010.09.24"]
[EventType "swiss"]
[EventRounds "9"]
[EventCountry "POL"]
[SourceTitle "EXT 2011"]
[Source "ChessBase"]
[SourceDate "2010.11.26"]
[SourceVersion "1"]
[SourceVersionDate "2010.11.26"]
[SourceQuality "1"]

1. e4 e5 2. Nf3 Nc6 3. Bb5 Nge7 4. c3 d5 5. Nxe5 dxe4 6. Nxc6 bxc6 7. Bc4 Nd5 8. d4 Bd6 9. Qe2 0-0 10. 0-0 Bf5 11. Be3 Qh4 12. g3 Qh3 13. Re1 Rae8 14. Qf1 Qh5 15. Be2 Qg6 16. Bc4 Qe6 17. Nd2 Bg4 18. Nb3 f5 19. Be2 f4 20. Bxg4 Qxg4 21. Qg2 fxe3 22. fxe3 0-1

[Event "Ramsowo Grunwald Cup 25th"]
[White "Dukaczewski, Piotr"]
[Black "Stankiewicz, Edward"]
[Site "Ramsowo"]
[Round "1"]
[Result "1-0"]
[Date "2010.09.24"]
[WhiteElo "2274"]
[BlackElo "1913"]
[PlyCount "65"]
[EventDate "2010.09.24"]
[EventType "swiss"]
[EventRounds "9"]
[EventCountry "POL"]
[SourceTitle "EXT 2011"]
[Source "ChessBase"]
[SourceDate "2010.11.26"]
[SourceVersion "1"]
[SourceVersionDate "2010.11.26"]
[SourceQuality "1"]

1. c4 e5 2. Nc3 Nf6 3. g3 g6 4. Bg2 Bg7 5. e3 Nc6 6. Nge2 d6 7. 0-0 0-0 8. Rb1 a5 9. a3 Bf5 10. d3 Qd7 11. b4 axb4 12. axb4 Bh3 13. b5 Bxg2 14. Kxg2 Ne7 15. d4 b6 16. Bb2 Qe6 17. Qb3 h5 18. f3 g5 19. Rbe1 e4 20. f4 Ng4 21. Nd1 Qg6 22. h3 Nh6 23. Ndc3 Rfe8 24. fxg5 Nhf5 25. Nf4 Qxg5 26. Nxe4 Qh6 27. Rf3 Ng6 28. Qc2 Ngh4+ 29. gxh4 Nxh4+ 30. Kf2 Nxf3 31. Kxf3 Qh7 32. Rg1 Kh8 33. Rg5 1-0

[Event "POL-ch sf blind"]
[White "Stankiewicz, Edward"]
[Black "Staruch, Roman"]
[Site "Zawoja Osrodek"]
[Round "5.11"]
[Result "0-1"]
[Date "2010.04.12"]
[WhiteElo "1914"]
[BlackElo "1962"]
[PlyCount "56"]
[EventDate "2010.04.08"]
[EventType "swiss"]
[EventRounds "9"]
[EventCountry "POL"]
[SourceTitle "EXT 2023"]
[Source "ChessBase"]
[SourceDate "2022.10.05"]
[SourceVersion "1"]
[SourceVersionDate "2022.10.05"]
[SourceQuality "1"]

1. e4 d5 2. exd5 Nf6 3. d4 Nxd5 4. c4 Nb6 5. Nf3 g6 6. Nc3 Bg7 7. c5 Nd5 8. Bc4 Nxc3 9. bxc3 0-0 10. 0-0 Nc6 11. Re1 Bf5 12. Bg5 h6 13. Bh4 g5 14. Bxg5 hxg5 15. Nxg5 e6 16. h4 Bf6 17. f4 Nxd4 18. Rc1 Nc2 19. Qf3 Nxe1 20. Rxe1 Bxg5 21. hxg5 Qd2 22. Re2 Qc1+ 23. Kf2 Rad8 24. g4 Bh7 25. g6 Bxg6 26. f5 Rd2 27. Rxd2 Qxd2+ 28. Kg3 exf5 0-1

[Event "POL-ch sf blind"]
[White "Jelen, Janusz"]
[Black "Stankiewicz, Edward"]
[Site "Zawoja Osrodek"]
[Round "2.9"]
[Result "1-0"]
[Date "2010.04.10"]
[WhiteElo "1965"]
[BlackElo "1914"]
[PlyCount "77"]
[EventDate "2010.04.08"]
[EventType "swiss"]
[EventRounds "9"]
[EventCountry "POL"]
[SourceTitle "EXT 2023"]
[Source "ChessBase"]
[SourceDate "2022.10.05"]
[SourceVersion "1"]
[SourceVersionDate "2022.10.05"]
[SourceQuality "1"]

1. c4 c5 2. Nc3 Nc6 3. e3 g6 4. d4 Bg7 5. Nf3 b6 6. Be2 e6 7. 0-0 Bb7 8. dxc5 Bxc3 9. bxc3 bxc5 10. e4 d6 11. Be3 Qc7 12. Qc2 Nge7 13. Bh6 Ne5 14. Nd2 f5 15. Bg7 Rg8 16. Bxe5 dxe5 17. Rfe1 Kf7 18. Bf3 f4 19. g3 g5 20. Bh5+ Kf6 21. Bg4 Rad8 22. Nb3 Nc8 23. Qe2 Nd6 24. Nd2 Ba6 25. Qf1 Qe7 26. Be2 Bb7 27. Bg4 Ba6 28. Rab1 Rb8 29. Rb3 Rb6 30. Reb1 Rgb8 31. Rxb6 axb6 32. Qh3 Qf7 33. Bh5 Qg7 34. Be2 Rb7 35. f3 Qg6 36. Kf2 h5 37. Rg1 Nf7 38. Bd3 Qh6 39. Rb1 1-0

[Event "POL-chT blind"]
[White "Jelen, Janusz"]
[Black "Stankiewicz, Edward"]
[Site "Mielno"]
[Round "3.6"]
[Result "1-0"]
[Date "2010.03.22"]
[WhiteElo "1965"]
[BlackElo "1914"]
[PlyCount "87"]
[EventDate "2010.03.21"]
[EventType "team-tourn"]
[EventRounds "10"]
[EventCountry "POL"]
[SourceTitle "EXT 2011"]
[Source "ChessBase"]
[SourceDate "2010.11.26"]
[SourceVersion "1"]
[SourceVersionDate "2010.11.26"]
[SourceQuality "1"]

1. d4 Nf6 2. c4 g6 3. Nc3 d5 4. f3 c6 5. e4 e6 6. Bg5 Be7 7. Bh6 Bf8 8. Be3 Bg7 9. Qd2 Nfd7 10. h4 Qe7 11. cxd5 exd5 12. exd5 Nf6 13. dxc6 bxc6 14. Bd3 Bb7 15. Nge2 Nbd7 16. Ne4 Nb6 17. Nc5 Bc8 18. 0-0 Nbd5 19. Bf2 h5 20. Rfe1 0-0 21. Nc3 Qc7 22. N3e4 Nd7 23. Bc4 N7b6 24. Bb3 a5 25. Bg3 Qd8 26. a3 Ba6 27. Nd6 Bc8 28. Ndb7 Bxb7 29. Nxb7 Qf6 30. Rad1 a4 31. Ba2 Rfe8 32. Nc5 Kh7 33. Ne4 Qd8 34. Nd6 Rxe1+ 35. Rxe1 Ra7 36. Re8 Qf6 37. Re4 Bh6 38. Qe1 Bf8 39. Nc4 Nd7 40. Be5 Qd8 41. Bg3 N7f6 42. Re2 Re7 43. Ne5 Qe8 44. Qa5 1-0